| 000 | 00974nam a22002897a 4500 | ||
|---|---|---|---|
| 001 | 7704 | ||
| 003 | FISKH | ||
| 005 | 20250731141754.0 | ||
| 008 | 250731b cb ||||| |||| 00| 0 eng d | ||
| 020 | _a0030045576 | ||
| 040 |
_aFISKH _beng _cFISKH _dFISKH |
||
| 050 | _aPZ7.G43807 W | ||
| 100 | _aGilmour, H.B. | ||
| 245 |
_aGoodnight Wembley Fraggle / _cBy H.B. Gilmour : Pictures by Barbara McClintock |
||
| 260 |
_aNew York : _bMuppet Press , _c1985. |
||
| 300 |
_a32 unnumbered pages : _bcolor illustrations ; _c19 x 20 cm . |
||
| 490 | _aFraggle Rock | ||
| 505 | _aJ | ||
| 520 | _aWhen Wembley can't fall asleep, he bothers all the other inhabitants of Fraggle Rock by keeping them awake with him. | ||
| 521 | 8 |
_a500
_bLexile estimate |
|
| 521 | 8 |
_aJ
_bRaz-Plus |
|
| 650 |
_aChildren's stories , American _vFiction |
||
| 650 |
_aPuppets _vFiction |
||
| 700 |
_aMcClintock, Barbara _eIllustrator |
||
| 942 |
_2ddc _cBK _n0 |
||
| 999 |
_c7704 _d7704 |
||